The Xavier Zubiri review

Gespeichert in:
Bibliographische Detailangaben
Körperschaft: The Xavier Zubiri Foundation of North America (VerfasserIn)
Format: Buch
Sprache:Englisch
Spanisch
Veröffentlicht: Washington, D.C The Xavier Zubiri Foundation of North America 1999
Schlagworte:
Tags: Tag hinzufügen
Keine Tags, Fügen Sie den ersten Tag hinzu!

MARC

LEADER 00000nam a2200000 a 4500
001 UCO5638
003 CL-VaPUC
008 000908e19990000us |||||||||||||||||eng|d
041 0 7 |a eng  |2 CL-VaPUC 
041 0 7 |a spa  |2 CL-VaPUC 
082 0 4 |a 196.1  |b XAV  |2 21 
110 2 |a The Xavier Zubiri Foundation of North America  |e author  |9 450350 
245 1 4 |a The Xavier Zubiri review 
300 |a v 
942 |c BK 
945 |d 20000908 00:00:00  |a rbrito 
260 |a Washington, D.C  |b The Xavier Zubiri Foundation of North America  |c 1999 
650 0 |a Filosofía española   |9 254895 
650 0 |a Positivismo  |9 269460 
650 0 |a Epistemología   |9 264994 
650 0 |a Teoría del conocimiento   |9 255038 
650 0 |a Filosofía de las ciencias  |9 256466 
583 |a last modification  |c 20171218 05:23:20  |k Rodrigo Vera 
999 |c 291486  |d 291484 
952 |0 0  |1 0  |4 0  |6 196_100000000000000_XAV_1999  |7 0  |8 A  |9 341349  |a BIBEDU  |b BIBEDU  |d 2019-11-20  |h v.2  |i 3644618  |o 196.1 XAV 1999  |p 3644618  |r 2019-11-20  |w 2019-11-20  |y BK  |k BME